Classez les Membres de la Communauté de l'Anneau par Taille - Statistiques

Statistiques générales
  • Ce quiz a été pris 45 fois
  • Le résultat moyen est 4 sur 7
Statistiques - réponses
Hint Réponse % Correct
La plus petite taille (7) Frodo et Pippin
62%
Un peu plus petit (4) Gandalf
62%
Un peu plus petit (2) Boromir
52%
Un peu plus petit (6) Sam et Merry
52%
Un peu plus petit (5) Gimli
48%
La plus grande taille (1) Aragorn
38%
Un peu plus petit (3) Legolas
38%
Aucun quiz correspondant
Distribution des résultats
% des personnes avec chaque résultat
Percentile par nombre de réponses
Votre historique - résultats
Vous n’avez pas pris ce quiz